01047 2200301 4500001002100000005001500021035002000036007000300056008004100059100002100100245006800121300003900189020002200228082001200250084002100262250003100283264004200314336002100356337003000377338002300407490002300430520020400453600001000657650002000667700002600687990001600713990001600729INLIS00000000004429420250729091242 a0010-1022000006ta250729 0 0 aBagong Soebardjo1 aHarmonikane kungkong /cBagong Soebardjo; editor, Yulia Loekito a25 halaman :bilustrasi ;c21,5 cm a978-623-7615-18-7 a398.245 aSR 398.245 BAG h aBabaran kapisan April 2020 aYogyakarta :bLingkarantarnusa,c2020 2rdacontentateks 2rdamediaatanpa perantara 2rdacarrieravolume aSeri Dongeng Bocah aKungkong dheleg-dheleg ana ing nduwuring watu gede sak pinggiring sendhang. oh! harmonikane kecemplung sendhang. Kungkong dadi ora bisa lelagon kanti harmonikane aweh panglipur kang padha lagi ngaso. 4aFabel 4aCerita Binatang0 aYulia Loekitoeeditor a50971.63791 a55957/68777